| 000 | 01620nam2a22003011 4500 | ||
|---|---|---|---|
| 001 | rc\128700 | ||
| 005 | 20250612175243.0 | ||
| 010 |
_a5-86529-031-2 _925000 |
||
| 035 | _a(NLR Aleph) 008764512 | ||
| 090 |
_a7885712 _c7885712 |
||
| 100 | _a20030307d1995 |||y0rusy50 ca | ||
| 101 | 1 |
_arus _cfre |
|
| 102 | _aRU | ||
| 105 | _ay ||||||||| | ||
| 200 | 1 |
_aЧеловеческая комедия _eЭтюды о нравах _eСцены политической жизни _aСцены военной жизни _aСцены сельской жизни _f[Примеч. Я. Лесюка и др.] |
|
| 210 |
_d1995 _aБ. м. |
||
| 215 | _a637, [2] с. | ||
| 327 | 1 | _aСодерж.: Романы: Депутат от Арси; Шуаны, или Бретань в 1799 году; Сельский врач | |
| 461 | 0 |
_1001rc\128692 _12001#$aСобрание сочинений$eВ 10 т.$e[Пер. с фр.]$fОноре де Бальзак$vТ. 8 _1700#1$aБальзак$bО. де$gОноре де$f1799-1850 _97977174 _aБальзак, О. де (1799-1850) _cМ. _d1995- _fОноре де Бальзак _nАванта+ _oВ 10 т. : [Пер. с фр.] _tСобрание сочинений _y5865290185 _vТ. 8 |
|
| 464 | 0 |
_12001#$aДепутат от Арси _tДепутат от Арси |
|
| 464 | 0 |
_12001#$aШуаны, или Бретань в 1799 году _tШуаны, или Бретань в 1799 году |
|
| 464 | 0 |
_12001#$aСельский врач _tСельский врач |
|
| 801 | 0 |
_aRU _bNLR _gpsbo |
|
| 801 | 1 |
_aRU _bELAR _2rusmarc |
|
| 852 |
_aNLR _j95-3/2491 |
||
| 942 | _cBOOK | ||
| 980 | _aNB | ||